| 000 | 00855nam a22002297a 4500 | ||
|---|---|---|---|
| 999 |
_c13776 _d13776 |
||
| 003 | AR-CdUCM | ||
| 008 | 190416b ||||| |||| 00| 0 spa d | ||
| 040 |
_aMUNICIPALIDAD PROVINCIAL DEL CUSCO _cBIBLIOTECA MUNICIPAL DEL CUSCO |
||
| 082 |
_a985.061 / _bCS / 1955 |
||
| 110 |
_aCámara de senadores _928897 |
||
| 245 | _aHistoria del senado del Perú / | ||
| 260 |
_aLima : _bP,L. Villanueva, _c1955. |
||
| 300 |
_a446 páginas ; _c25 cm. |
||
| 505 | _aContenido: t.1: El senado en la historia del parlamento, el sistema parlamentario en la edad media, el absolutismo y el sistema parlamentario... | ||
| 650 |
_aParlamento. _96911 |
||
| 650 |
_aSenado. _92292 |
||
| 650 |
_aHistoria del senado. _932330 |
||
| 650 |
_aHistoria del parlamento. _932331 |
||
| 700 |
_aGambetta, Nestor (prologo) _932332 |
||
| 942 |
_2ddc _cLIBROS |
||
| 945 |
_awfj _d2019-04-16 |
||